[Event "32nd ECC Open 2016"]
[Site "Novi Sad SRB"]
[Date "2016.11.06"]
[Round "1.1"]
[Board "1"]
[White "Getz, Nicolai"]
[Black "Grischuk, Alexander"]
[Result "1/2-1/2"]
[WhiteTitle "IM"]
[BlackTitle "GM"]
[WhiteElo "2434"]
[BlackElo "2751"]
[WhiteTeam "Oslo Schakselskap"]
[BlackTeam "Syberia"]
[WhiteFideId "1505572"]
[BlackFideId "4126025"]
[EventDate "2016.11.06"]

1. e4 c5 2. Nf3 d6 3. d4 cxd4 4. Nxd4 Nf6 5. Nc3 a6 6. h3 e6 7. g4 Be7 8. Bg2
Nfd7 9. g5 b5 10. a3 Bb7 11. h4 O-O 12. f4 Nc6 13. Nf3 b4 14. axb4 Nxb4 15. Nd4
Nc5 16. O-O Re8 17. f5 Bf8 18. g6 fxg6 19. fxg6 hxg6 20. Qg4 e5 21. Qxg6 exd4
22. Qf7+ Kh8 23. Qh5+ Kg8 24. Qf7+ Kh8 25. Qh5+ Kg8 26. Qf7+ 1/2-1/2

[Event "32nd ECC Open 2016"]
[Site "Novi Sad SRB"]
[Date "2016.11.06"]
[Round "1.1"]
[Board "2"]
[White "Tomashevsky, Evgeny"]
[Black "Hauge, Lars Oskar"]
[Result "1/2-1/2"]
[WhiteTitle "GM"]
[BlackTitle "IM"]
[WhiteElo "2722"]
[BlackElo "2415"]
[WhiteTeam "Syberia"]
[BlackTeam "Oslo Schakselskap"]
[WhiteFideId "4147235"]
[BlackFideId "1509276"]
[EventDate "2016.11.06"]

1. Nf3 Nf6 2. c4 g6 3. Nc3 Bg7 4. e4 d6 5. d4 O-O 6. h3 e5 7. d5 a5 8. Be3 Na6
9. g4 Nd7 10. a3 Nb6 11. Rg1 Bd7 12. b3 Kh8 13. h4 f5 14. gxf5 gxf5 15. Ng5 h6
16. exf5 Bxf5 17. Qh5 Qe8 18. Qxe8 Raxe8 19. Nge4 Nd7 20. Bd3 b6 21. Ke2 Nac5
22. Nxc5 Nxc5 23. Bxf5 Rxf5 24. Rab1 e4 25. Nb5 Rf7 26. Rg4 Kh7 27. Nd4 a4 28.
b4 Bxd4 29. Bxd4 Nd3 30. Rbg1 Ree7 31. Rg8 Ne5 32. Rc8 Rf4 33. Bxe5 dxe5 34. c5
bxc5 35. bxc5 Ref7 36. d6 Rxf2+ 37. Ke3 Rc2 38. Re8 cxd6 39. cxd6 Rc4 40. Re7
Rxe7 41. dxe7 Rc8 42. Rc1 Re8 43. Kxe4 Rxe7 44. Rc4 Kg6 45. Rxa4 Re6 46. Ra8 Rf6
47. Kxe5 Rf5+ 48. Kd6 Rf4 49. a4 Rxh4 50. Kc5 h5 51. a5 Ra4 52. Kb5 Ra1 53. Rd8
h4 54. a6 Kg5 55. Rd5+ Kg4 56. Rd4+ Kg3 57. Ra4 Rb1+ 58. Kc5 Rb8 59. a7 Ra8 60.
Kb6 h3 61. Ra3+ 1/2-1/2

[Event "32nd ECC Open 2016"]
[Site "Novi Sad SRB"]
[Date "2016.11.06"]
[Round "1.1"]
[Board "3"]
[White "Mihajlov, Sebastian"]
[Black "Li, Chao b"]
[Result "0-1"]
[WhiteTitle "FM"]
[BlackTitle "GM"]
[WhiteElo "2359"]
[BlackElo "2730"]
[WhiteTeam "Oslo Schakselskap"]
[BlackTeam "Syberia"]
[WhiteFideId "1512110"]
[BlackFideId "8604436"]
[EventDate "2016.11.06"]

1. d4 e6 2. c4 f5 3. Nc3 Nf6 4. e3 Be7 5. Bd3 O-O 6. Nge2 d5 7. O-O c6 8. f3 b6
9. Qc2 Ba6 10. cxd5 Bxd3 11. Qxd3 cxd5 12. Nf4 Qd7 13. e4 fxe4 14. fxe4 Nc6 15.
exd5 exd5 16. Be3 Rae8 17. Rae1 Bb4 18. h3 Rf7 19. a3 Bxc3 20. Qxc3 Ne4 21. Qb3
Ng3 22. Rf2 Nf5 23. Bd2 Rd8 24. Nxd5 Ncxd4 25. Qa2 Qxd5 26. Re8+ Rf8 27. Rxf8+
Kxf8 28. Qxd5 Rxd5 29. g4 Kf7 30. gxf5 Nxf5 31. Bc3 g6 32. Rf4 b5 33. a4 a6 34.
axb5 axb5 35. Kf2 Rd3 36. Kg2 Ke6 37. Rb4 Nd6 38. Rh4 h5 39. Rf4 Kd5 40. Rf8 g5
41. Bf6 h4 42. Be7 Rg3+ 43. Kh2 Ne4 0-1

[Event "32nd ECC Open 2016"]
[Site "Novi Sad SRB"]
[Date "2016.11.06"]
[Round "1.1"]
[Board "4"]
[White "Korobov, Anton"]
[Black "Kovachev, Daniel Jakobsen"]
[Result "1-0"]
[WhiteTitle "GM"]
[BlackTitle "FM"]
[WhiteElo "2689"]
[BlackElo "2309"]
[WhiteTeam "Syberia"]
[BlackTeam "Oslo Schakselskap"]
[WhiteFideId "14105730"]
[BlackFideId "1503448"]
[EventDate "2016.11.06"]

1. d4 Nf6 2. c4 e6 3. Nc3 d5 4. Bg5 Nbd7 5. e3 Be7 6. Nf3 c6 7. Qc2 h6 8. Bh4
Nh5 9. Bxe7 Qxe7 10. Bd3 Nhf6 11. O-O O-O 12. Rad1 b6 13. e4 dxe4 14. Nxe4 c5
15. dxc5 Nxc5 16. Nxf6+ Qxf6 17. Be2 Bb7 18. b4 Be4 19. Qd2 Na4 20. Rc1 a5 21.
Qe3 Bh7 22. Ne5 Rfd8 23. a3 Rac8 24. Rfd1 Qg5 25. f4 Qf5 26. Rxd8+ Rxd8 27. c5
bxc5 28. bxc5 Qe4 29. Qxe4 Bxe4 30. Rc4 Nxc5 31. Rxc5 f6 32. Nf3 g5 33. Bc4 Rd6
34. f5 g4 1-0

[Event "32nd ECC Open 2016"]
[Site "Novi Sad SRB"]
[Date "2016.11.06"]
[Round "1.1"]
[Board "5"]
[White "Persson, Mats"]
[Black "Rublevsky, Sergei"]
[Result "0-1"]
[WhiteTitle "FM"]
[BlackTitle "GM"]
[WhiteElo "2314"]
[BlackElo "2689"]
[WhiteTeam "Oslo Schakselskap"]
[BlackTeam "Syberia"]
[WhiteFideId "1708333"]
[BlackFideId "4115309"]
[EventDate "2016.11.06"]

1. d4 d5 2. Nf3 Nf6 3. g3 Bg4 4. Bg2 e6 5. O-O Be7 6. c4 c6 7. Qb3 Qb6 8. Nc3
Nbd7 9. c5 Qa6 10. Bf4 b6 11. cxb6 axb6 12. Rfe1 O-O 13. e4 Rfc8 14. exd5 Nxd5
15. Nxd5 cxd5 16. Bf1 Qb7 17. Bb5 Bf6 18. Ne5 Nxe5 19. Bxe5 Bg5 20. f3 Bf5 21.
Re2 h5 22. Bd6 Rc4 23. Rd1 Rac8 24. Bxc4 dxc4 25. Qc3 Bd3 26. Rxd3 cxd3 27. Qxd3
Qd5 28. Bb4 Qxa2 29. Bc3 Bf6 30. Qb5 h4 31. Kg2 Qb1 32. Rd2 Qc1 33. Qd3 Rd8 34.
Qe4 Rd5 35. Qe2 b5 36. f4 Qa1 37. g4 g6 38. Kh3 Qa4 39. b4 Qb3 40. Rd3 Qc4 41.
Qd2 Be7 42. g5 Rf5 43. Kg4 Qd5 44. Rf3 Qe4 0-1

[Event "32nd ECC Open 2016"]
[Site "Novi Sad SRB"]
[Date "2016.11.06"]
[Round "1.1"]
[Board "6"]
[White "Bocharov, Dmitry"]
[Black "Stubberud, Ornulf"]
[Result "1-0"]
[WhiteTitle "GM"]
[BlackTitle "FM"]
[WhiteElo "2593"]
[BlackElo "2281"]
[WhiteTeam "Syberia"]
[BlackTeam "Oslo Schakselskap"]
[WhiteFideId "4138716"]
[BlackFideId "1503758"]
[EventDate "2016.11.06"]

1. Nf3 Nf6 2. c4 g6 3. g3 Bg7 4. Bg2 d6 5. d4 O-O 6. O-O Nc6 7. Nc3 a6 8. d5 Na5
9. b3 c5 10. dxc6 Nxc6 11. Bb2 Qa5 12. Qc1 Bd7 13. Rd1 Rac8 14. Nd5 Nxd5 15.
Rxd5 Bxb2 16. Qxb2 Qc7 17. Rc1 Nb4 18. Rdd1 a5 19. h4 Bg4 20. Nd4 Qb6 21. Qd2
Rc5 22. Nb5 Bd7 23. Nc3 Re8 24. Ne4 Rc7 25. Qh6 f6 26. a3 Nc6 27. Rxd6 Bf5 28.
c5 Qxb3 29. Nxf6+ exf6 30. Bd5+ Qxd5 31. Rxd5 1-0

[Event "32nd ECC Open 2016"]
[Site "Novi Sad SRB"]
[Date "2016.11.06"]
[Round "1.2"]
[Board "2"]
[White "Baldauf, Marco"]
[Black "Andreikin, Dmitry"]
[Result "0-1"]
[WhiteTitle "IM"]
[BlackTitle "GM"]
[WhiteElo "2431"]
[BlackElo "2736"]
[WhiteTeam "Schachfreunde Berlin"]
[BlackTeam "Alkaloid"]
[WhiteFideId "4688210"]
[BlackFideId "4158814"]
[EventDate "2016.11.06"]

1. d4 g6 2. c4 Bg7 3. e4 d6 4. Nc3 e5 5. Nf3 Bg4 6. d5 Nd7 7. Bd3 Bh6 8. Bxh6
Nxh6 9. O-O f5 10. Qd2 f4 11. Ne1 Nf6 12. f3 Bd7 13. Bc2 g5 14. Ba4 g4 15. Nd3
Bxa4 16. Nxa4 Qd7 17. Nc3 Rg8 18. c5 Nf7 19. Rac1 gxf3 20. Rxf3 Ng5 21. Rff1 Qg4
22. cxd6 cxd6 23. Kh1 Qh4 24. Qe1 Qh6 25. Nxf4 exf4 26. e5 Nh5 27. exd6+ Kf7 28.
Nb5 Kg6 29. Kg1 Rae8 30. Qd2 f3 31. Qd3+ Kg7 32. Nd4 Kh8 33. Nxf3 Nh3+ 34. Kh1
Ng3+ 0-1

[Event "32nd ECC Open 2016"]
[Site "Novi Sad SRB"]
[Date "2016.11.06"]
[Round "1.2"]
[Board "3"]
[White "Jakovenko, Dmitry"]
[Black "Polzin, Rainer"]
[Result "1/2-1/2"]
[WhiteTitle "GM"]
[BlackTitle "GM"]
[WhiteElo "2709"]
[BlackElo "2413"]
[WhiteTeam "Alkaloid"]
[BlackTeam "Schachfreunde Berlin"]
[WhiteFideId "4122356"]
[BlackFideId "4610741"]
[EventDate "2016.11.06"]

1. d4 Nf6 2. c4 g6 3. Nc3 Bg7 4. e4 d6 5. Nf3 O-O 6. h3 Na6 7. Be3 c5 8. d5 e6
9. Bd3 exd5 10. exd5 Nb4 11. Bb1 b5 12. cxb5 a6 13. O-O axb5 14. a3 Bb7 15. Bg5
Qb6 16. Bxf6 Bxf6 17. Be4 Na6 18. Nd2 Nc7 19. Qb3 Qa5 20. Rfc1 Bg5 21. Rd1 Bxd2
22. Rxd2 b4 23. Ne2 bxa3 24. Nc3 Qb4 25. Rxa3 Rxa3 26. Qxa3 Re8 27. Re2 Qxa3 28.
bxa3 Bxd5 29. a4 Bc4 30. Rd2 d5 31. Nxd5 Bxd5 32. Bxd5 Nxd5 33. Rxd5 Ra8 34.
Rxc5 Rxa4 35. g3 1/2-1/2

[Event "32nd ECC Open 2016"]
[Site "Novi Sad SRB"]
[Date "2016.11.06"]
[Round "1.2"]
[Board "4"]
[White "Wendt, Jan-Dietrich"]
[Black "Yu, Yangyi"]
[Result "0-1"]
[WhiteTitle "FM"]
[BlackTitle "GM"]
[WhiteElo "2332"]
[BlackElo "2721"]
[WhiteTeam "Schachfreunde Berlin"]
[BlackTeam "Alkaloid"]
[WhiteFideId "4623797"]
[BlackFideId "8603820"]
[EventDate "2016.11.06"]

1. Nf3 d5 2. c4 e6 3. g3 dxc4 4. Bg2 a6 5. O-O Nf6 6. Qc2 Be7 7. Qxc4 b5 8. Qc2
Bb7 9. d4 O-O 10. Bg5 Nbd7 11. Bxf6 Nxf6 12. Nbd2 a5 13. Rfc1 c5 14. a4 cxd4 15.
axb5 Rb8 16. Qd3 Bb4 17. Nc4 Bxf3 18. exf3 Rxb5 19. f4 Qb8 20. Ne5 Bd6 21. Nc6
Qb6 22. h3 h5 23. Ra4 h4 24. Kh1 Rxb2 25. Nxa5 Rxf2 26. Nc4 Qc7 27. Qxd4 Rxg2
28. Kxg2 Qc6+ 29. Kh2 hxg3+ 30. Kxg3 Qxa4 0-1

[Event "32nd ECC Open 2016"]
[Site "Novi Sad SRB"]
[Date "2016.11.06"]
[Round "1.2"]
[Board "5"]
[White "Kryvoruchko, Yuriy"]
[Black "Lundin, Jan"]
[Result "1/2-1/2"]
[WhiteTitle "GM"]
[BlackTitle "FM"]
[WhiteElo "2702"]
[BlackElo "2264"]
[WhiteTeam "Alkaloid"]
[BlackTeam "Schachfreunde Berlin"]
[WhiteFideId "14109182"]
[BlackFideId "1706896"]
[EventDate "2016.11.06"]

1. e4 c6 2. d4 d5 3. e5 Bf5 4. Nf3 e6 5. Be2 Nd7 6. O-O Bg6 7. Nbd2 Nh6 8. Nb3
Be7 9. Bd2 O-O 10. Na5 c5 11. Nxb7 Qb6 12. Na5 cxd4 13. Nb3 Ng4 14. Bf4 f6 15.
exf6 Bxf6 16. Bg3 Nge5 17. Nfxd4 Nc4 18. Bg4 Bf7 19. Rb1 h5 20. Bh3 g5 21. Re1
g4 22. Bxg4 hxg4 23. Qxg4+ Bg7 24. Nxe6 Bxe6 25. Rxe6 Nde5 26. Qh3 Qb7 27. f4
Nc6 28. Rbe1 Rac8 29. Qh5 Nb4 30. Re7 Rc7 31. Rxc7 Qxc7 32. c3 Nxa2 33. Qxd5+
Qf7 34. Qxf7+ Rxf7 35. Ra1 Rb7 36. Rxa2 Rxb3 37. Rxa7 Rxb2 38. Ra8+ Kf7 39. Ra7+
Kg8 40. Ra8+ Kf7 41. Ra7+ 1/2-1/2

[Event "32nd ECC Open 2016"]
[Site "Novi Sad SRB"]
[Date "2016.11.06"]
[Round "1.2"]
[Board "6"]
[White "Noetzel, Felix"]
[Black "Pancevski, Filip"]
[Result "0-1"]
[BlackTitle "IM"]
[WhiteElo "2209"]
[BlackElo "2503"]
[WhiteTeam "Schachfreunde Berlin"]
[BlackTeam "Alkaloid"]
[WhiteFideId "24637416"]
[BlackFideId "15002187"]
[EventDate "2016.11.06"]

1. e4 d6 2. d4 Nf6 3. Nc3 e5 4. Nf3 Nbd7 5. Bc4 Be7 6. O-O O-O 7. h3 a6 8. a4 b6
9. Re1 Bb7 10. b3 c6 11. Bb2 g6 12. Qd2 Qc7 13. Rad1 Rad8 14. Qh6 b5 15. axb5
axb5 16. Bd3 Rfe8 17. b4 Bf8 18. Qh4 Bg7 19. Ne2 h6 20. g4 exd4 21. Nexd4 d5 22.
g5 hxg5 23. Nxg5 dxe4 24. Bxe4 Nf8 25. Ndf3 Rxd1 26. Rxd1 Nh5 27. Bxg7 Kxg7 28.
Bd3 Qf4 29. Qg4 Bc8 30. Qg2 Qxb4 31. Ra1 Qc5 32. Ne4 Qe7 33. Nd4 Qe5 34. c3 Nf4
35. Nxc6 Qc7 36. Qf3 Nxh3+ 37. Kf1 Qxc6 38. Ra7 Bd7 39. Rxd7 Nxd7 40. Qxh3 Qd5
41. Bc2 Nc5 42. Nxc5 Qxc5 43. Bb3 Re7 44. Qd3 Rc7 45. Kg1 Qe5 0-1

[Event "32nd ECC Open 2016"]
[Site "Novi Sad SRB"]
[Date "2016.11.06"]
[Round "1.3"]
[Board "3"]
[White "Peng, Zhaoqin"]
[Black "Bacrot, Etienne"]
[Result "0-1"]
[WhiteTitle "GM"]
[BlackTitle "GM"]
[WhiteElo "2380"]
[BlackElo "2691"]
[WhiteTeam "En Passant"]
[BlackTeam "OR Padova"]
[WhiteFideId "1004786"]
[BlackFideId "605506"]
[EventDate "2016.11.06"]

1. d4 Nf6 2. c4 e6 3. Nf3 b6 4. g3 Ba6 5. b3 Bb4+ 6. Bd2 Be7 7. Bg2 d5 8. O-O
O-O 9. cxd5 exd5 10. Nc3 Re8 11. Qc2 Nbd7 12. Ne5 Bb7 13. Bf4 Nf8 14. Rad1 Ne6
15. Bc1 Bd6 16. Nc4 Bf8 17. Ne3 Qd7 18. a3 a5 19. Qb1 c6 20. b4 axb4 21. axb4
Nc7 22. Bd2 Ba6 23. Rfe1 Nb5 24. Nxb5 Bxb5 25. Bf3 Ne4 26. Qb2 Ra4 27. Bxe4 Rxe4
28. Ra1 Rxa1 29. Qxa1 h5 30. f3 Re8 31. Kf2 Qh3 32. Nf1 Bd6 33. Qc3 h4 34. Bf4
Bxf4 35. gxf4 Re6 36. Qa3 Rg6 37. Ke3 Rg1 38. Qa8+ Kh7 39. Qd8 Rxf1 40. Rxf1
Qe6+ 0-1

[Event "32nd ECC Open 2016"]
[Site "Novi Sad SRB"]
[Date "2016.11.06"]
[Round "1.3"]
[Board "4"]
[White "Vocaturo, Daniele"]
[Black "Van de Griendt, Jan Willem"]
[Result "1-0"]
[WhiteTitle "GM"]
[BlackTitle "IM"]
[WhiteElo "2599"]
[BlackElo "2357"]
[WhiteTeam "OR Padova"]
[BlackTeam "En Passant"]
[WhiteFideId "813192"]
[BlackFideId "1002112"]
[EventDate "2016.11.06"]

1. e4 e6 2. d4 d5 3. Nc3 Bb4 4. e5 c5 5. a3 Bxc3+ 6. bxc3 Qa5 7. Bd2 Qa4 8. dxc5
Nc6 9. Nf3 f6 10. Nd4 Nxd4 11. cxd4 Qxd4 12. Bb5+ Kf7 13. exf6 Nxf6 14. O-O e5
15. Rb1 Qxc5 16. Bg5 b6 17. Qe2 Qd6 18. Rfe1 Bf5 19. Rbd1 Rac8 20. Ba4 Rhd8 21.
Bb3 Kg6 22. Bh4 e4 23. Bxf6 Qxf6 24. Bxd5 Re8 25. h3 h5 26. c4 Kh6 27. Qd2+ Kh7
28. Re3 Rcd8 29. Qe2 Bg6 30. Re1 Qf4 31. a4 Re5 32. g3 Qf5 33. Kg2 Rde8 34. h4
Kh8 35. Qd2 Rd8 36. Qc3 Rexd5 37. cxd5 Qxd5 38. Rb1 Kh7 39. Qa3 Rd7 40. Rb5 Qd2
41. Qb2 Qd1 42. a5 Rd2 43. Qb3 Qa1 44. Qb1 Qd4 45. Qe1 Rd1 46. Qc3 Qd7 47. Rg5
Rd3 48. Qe1 Rd1 49. Qe2 Rd2 50. Qc4 Rd4 51. Qb5 Qf7 52. Qb2 Rd6 53. axb6 axb6
54. Qe2 Rd4 55. Rc3 Rd5 56. Rxd5 Qxd5 57. Qe3 Qd6 58. Rb3 Qe5 59. Rxb6 Qe7 60.
Ra6 Qf7 61. Ra7 Qf6 62. Qf4 Qxf4 63. gxf4 Bf5 64. Kf1 Bg4 65. Ke1 Kg6 66. Kd2
Bf5 67. Ke3 Kf6 68. Ra6+ Kf7 69. Rb6 g6 70. Kd4 1-0

[Event "32nd ECC Open 2016"]
[Site "Novi Sad SRB"]
[Date "2016.11.06"]
[Round "1.3"]
[Board "5"]
[White "Vedder, Richard"]
[Black "David, Alberto"]
[Result "0-1"]
[WhiteTitle "FM"]
[BlackTitle "GM"]
[WhiteElo "2208"]
[BlackElo "2574"]
[WhiteTeam "En Passant"]
[BlackTeam "OR Padova"]
[WhiteFideId "1004166"]
[BlackFideId "4000013"]
[EventDate "2016.11.06"]

1. e4 c5 2. Nf3 e6 3. d4 cxd4 4. Nxd4 a6 5. Be2 Nf6 6. Nc3 d6 7. Be3 Nbd7 8. g4
h6 9. h4 b5 10. Bf3 Ne5 11. g5 hxg5 12. hxg5 Rxh1+ 13. Bxh1 Nfg4 14. Bf4 Qb6 15.
Bg3 Bd7 16. Nb3 b4 17. Ne2 Rc8 18. Ned4 a5 19. g6 fxg6 20. Bxe5 Nxe5 21. f4 Nf7
22. Qd2 a4 23. Nc1 Be7 24. Nce2 Bh4+ 25. Kd1 e5 26. Nf3 Bf2 27. Ng5 Nxg5 28.
fxg5 Be3 29. Qd5 Ke7 30. Bf3 Be6 31. Qd3 Bc4 0-1

[Event "32nd ECC Open 2016"]
[Site "Novi Sad SRB"]
[Date "2016.11.06"]
[Round "1.3"]
[Board "6"]
[White "Dvirnyy, Danyyil"]
[Black "De Graaf, Dick"]
[Result "1/2-1/2"]
[WhiteTitle "GM"]
[WhiteElo "2552"]
[BlackElo "2207"]
[WhiteTeam "OR Padova"]
[BlackTeam "En Passant"]
[WhiteFideId "817570"]
[BlackFideId "1005677"]
[EventDate "2016.11.06"]

1. d4 Nf6 2. c4 e6 3. Nf3 b6 4. g3 Ba6 5. b3 Bb4+ 6. Bd2 Bxd2+ 7. Qxd2 Bb7 8.
Bg2 O-O 9. O-O d5 10. Nc3 Nbd7 11. Rac1 c5 12. cxd5 exd5 13. Rfd1 Qe7 14. dxc5
Nxc5 15. Nd4 Rfd8 16. Qb2 Qe5 17. b4 Ne6 18. e3 Rac8 19. Nf3 Qh5 20. Nb5 Rxc1
21. Rxc1 d4 22. Nbxd4 Nxd4 23. Nxd4 Bxg2 24. Kxg2 Ng4 25. Nf3 Qd5 26. Qd4 h5 27.
Qxd5 Rxd5 28. Rc8+ Kh7 29. Rc7 a5 30. Rxf7 axb4 31. h3 Nf6 32. Rb7 Ra5 33. Rxb6
Ra4 34. Ng5+ Kg6 35. Ne6 Rxa2 36. Nf4+ Kf5 37. Rb5+ Ke4 38. Rxb4+ Ke5 39. Kf3
Ra5 40. Rb6 Kf5 41. Nxh5 Nxh5 42. g4+ Kg5 43. gxh5 Kxh5 44. Rb4 g6 45. Rg4 Kh6
46. h4 Ra1 47. e4 Rh1 48. Kf4 Ra1 49. Rg3 Kh5 50. Rg5+ Kh6 51. Rb5 Rh1 52. Kg3
Rg1+ 53. Kf4 Rh1 54. h5 Rh4+ 55. Ke3 g5 56. Rb6+ Kxh5 57. Rf6 Rh1 58. e5 Re1+
59. Kd4 g4 60. Kd5 Kg5 61. Ke6 Ra1 62. Rf5+ Kg6 63. Rf6+ Kg5 64. Rf5+ Kg6 65.
Rf8 Ra6+ 66. Kd5 Ra5+ 67. Ke4 Ra4+ 68. Ke3 Ra3+ 69. Ke4 Ra4+ 1/2-1/2

[Event "32nd ECC Open 2016"]
[Site "Novi Sad SRB"]
[Date "2016.11.06"]
[Round "1.4"]
[Board "1"]
[White "Vitiugov, Nikita"]
[Black "Feygin, Michael"]
[Result "1-0"]
[WhiteTitle "GM"]
[BlackTitle "GM"]
[WhiteElo "2718"]
[BlackElo "2473"]
[WhiteTeam "Mednyi Vsadnik"]
[BlackTeam "KSK Rochade Eupen-Kelmis"]
[WhiteFideId "4152956"]
[BlackFideId "14103109"]
[EventDate "2016.11.06"]

1. e4 e6 2. d4 d5 3. Nc3 Nf6 4. e5 Nfd7 5. f4 c5 6. Nf3 Nc6 7. Be3 a6 8. Qd2 b5
9. dxc5 Bxc5 10. Bd3 Qb6 11. Bf2 Bxf2+ 12. Qxf2 Qxf2+ 13. Kxf2 O-O 14. Rhe1 Nc5
15. Ke3 Bd7 16. Ne2 Rac8 17. Ned4 Na4 18. Rab1 Na5 19. Kf2 Rc7 20. g4 Rb8 21. f5
Rb6 22. h4 b4 23. f6 Bb5 24. g5 Nc5 25. Ke3 Nc6 26. Nb3 Nd7 27. Kd2 Bc4 28. Ra1
a5 29. Nbd4 Nc5 30. h5 Rb8 31. Rg1 Bxd3 32. cxd3 Nxd4 33. Nxd4 Nd7 34. Rae1 Nf8
35. Rc1 Rbc8 36. Rxc7 Rxc7 37. h6 gxh6 38. gxh6+ Ng6 39. Nf3 Kf8 40. Ng5 Kg8 41.
Nf3 a4 42. Rg4 b3 43. Rxa4 Rc2+ 44. Ke3 Rxb2 45. Ra8+ Nf8 46. axb3 Rxb3 47. Rc8 1-0

[Event "32nd ECC Open 2016"]
[Site "Novi Sad SRB"]
[Date "2016.11.06"]
[Round "1.4"]
[Board "2"]
[White "Coenen, Michael"]
[Black "Bu, Xiangzhi"]
[Result "0-1"]
[BlackTitle "GM"]
[WhiteElo "2393"]
[BlackElo "2698"]
[WhiteTeam "KSK Rochade Eupen-Kelmis"]
[BlackTeam "Mednyi Vsadnik"]
[WhiteFideId "4697367"]
[BlackFideId "8601445"]
[EventDate "2016.11.06"]

1. e4 c5 2. Nf3 d6 3. d4 cxd4 4. Nxd4 Nf6 5. Nc3 a6 6. h3 e6 7. g4 Nfd7 8. Be3
b5 9. a3 Bb7 10. Nb3 Nc6 11. Qe2 Rc8 12. Bg2 Nce5 13. Bd4 Ng6 14. O-O-O Nde5 15.
Bxe5 Nxe5 16. f4 Nc4 17. Rd3 g5 18. e5 Bxg2 19. Qxg2 d5 20. f5 Nxe5 21. Rdd1 Bg7
22. fxe6 fxe6 23. Rhf1 Qe7 24. Qg3 Rf8 25. Nd4 Rxf1 26. Rxf1 Nc4 27. Qd3 b4 28.
axb4 Qxb4 29. Nd1 Qd2+ 30. Qxd2 Nxd2 31. Kxd2 Bxd4 32. c3 Be5 33. Nf2 Ke7 34.
Nd3 Bc7 35. Ke2 a5 36. Rf2 Rb8 37. Kd1 Bd6 38. Kc2 h6 39. Rf1 e5 40. b3 Rc8 41.
Rf5 e4 42. Nf2 Ke6 43. Nd1 Be5 44. Kb2 d4 45. Nf2 dxc3+ 46. Kc2 Kd5 47. Rf7 Bg3
48. Nd1 Bf4 49. Re7 Bd2 50. Nf2 e3 51. Ne4 Rf8 52. Nxc3+ Kd6 53. Re4 Rc8 54.
Rd4+ Ke5 55. Re4+ Kf6 56. Rc4 Rxc4 57. bxc4 Bxc3 0-1

[Event "32nd ECC Open 2016"]
[Site "Novi Sad SRB"]
[Date "2016.11.06"]
[Round "1.4"]
[Board "3"]
[White "Matlakov, Maxim"]
[Black "Klein, Felix"]
[Result "1-0"]
[WhiteTitle "GM"]
[BlackTitle "FM"]
[WhiteElo "2691"]
[BlackElo "2321"]
[WhiteTeam "Mednyi Vsadnik"]
[BlackTeam "KSK Rochade Eupen-Kelmis"]
[WhiteFideId "4168003"]
[BlackFideId "24600458"]
[EventDate "2016.11.06"]

1. d4 d5 2. Nf3 c6 3. c4 e6 4. e3 Bd6 5. Bd3 f5 6. O-O Nf6 7. b3 Qe7 8. Bb2 O-O
9. Nc3 Ne4 10. Ne2 Nd7 11. Rc1 b6 12. Ne5 Bb7 13. f3 Nec5 14. Bb1 Nxe5 15. dxe5
Bc7 16. b4 Na6 17. cxd5 cxd5 18. a3 Rac8 19. f4 Bb8 20. Nd4 Rxc1 21. Qxc1 Rc8
22. Qd1 Nc7 23. g4 g6 24. Rf2 Qh4 25. gxf5 gxf5 26. Rg2+ Kf7 27. Bxf5 exf5 28.
Nxf5 Qh3 29. Nd6+ Ke6 30. Rg3 Qh4 31. f5+ 1-0

[Event "32nd ECC Open 2016"]
[Site "Novi Sad SRB"]
[Date "2016.11.06"]
[Round "1.4"]
[Board "4"]
[White "Meessen, Rudolf"]
[Black "Rodshtein, Maxim"]
[Result "0-1"]
[WhiteTitle "FM"]
[BlackTitle "GM"]
[WhiteElo "2297"]
[BlackElo "2696"]
[WhiteTeam "KSK Rochade Eupen-Kelmis"]
[BlackTeam "Mednyi Vsadnik"]
[WhiteFideId "202029"]
[BlackFideId "2806851"]
[EventDate "2016.11.06"]

1. d4 Nf6 2. Nc3 d5 3. Bf4 e6 4. Nb5 Na6 5. a3 Be7 6. e3 O-O 7. Nf3 c5 8. dxc5
Bd7 9. b4 Bxb5 10. Bxb5 Nxc5 11. O-O Nce4 12. Be5 Rc8 13. Bd3 Nc3 14. Qe1 Nfe4
15. Bd4 Qc7 16. Nd2 f5 17. f4 Bf6 18. Nf3 Bxd4 19. Nxd4 Qe7 20. Kh1 Nd6 21. Nf3
Nce4 22. Qh4 Qxh4 23. Nxh4 Nc4 24. Rfe1 Nb2 25. Ra2 Nf2+ 26. Kg1 Nfxd3 27. cxd3
Nxd3 28. Rd1 Rc3 29. Nf3 Rfc8 30. Nd4 Nc1 31. Rad2 Rxe3 32. Nc2 Ne2+ 33. Kf2 Re4
34. Rxe2 Rxe2+ 35. Kxe2 Rxc2+ 36. Kd3 Rc4 37. g3 Kf7 38. Re1 b5 39. Rb1 Kf6 40.
h4 g6 41. Ra1 h6 42. Ra2 g5 43. hxg5+ hxg5 44. Ke3 Re4+ 45. Kf3 d4 46. Rd2 e5
47. fxe5+ Kxe5 48. Rc2 Re3+ 49. Kf2 Rxa3 50. g4 fxg4 51. Rc5+ Kf4 52. Rxb5 g3+
53. Kg2 Ra2+ 54. Kg1 d3 0-1

[Event "32nd ECC Open 2016"]
[Site "Novi Sad SRB"]
[Date "2016.11.06"]
[Round "1.4"]
[Board "5"]
[White "Fedoseev, Vladimir3"]
[Black "Ahn, Martin"]
[Result "1-0"]
[WhiteTitle "GM"]
[BlackTitle "FM"]
[WhiteElo "2673"]
[BlackElo "2236"]
[WhiteTeam "Mednyi Vsadnik"]
[BlackTeam "KSK Rochade Eupen-Kelmis"]
[WhiteFideId "24130737"]
[BlackFideId "200972"]
[EventDate "2016.11.06"]

1. d4 Nf6 2. c4 g6 3. g3 Bg7 4. Bg2 O-O 5. Nc3 d6 6. Nf3 Nbd7 7. Bf4 Nh5 8. Be3
e5 9. O-O c6 10. Qb3 Qe7 11. Rad1 f5 12. Bg5 Qf7 13. d5 h6 14. Bc1 e4 15. Nd4
Ne5 16. f3 Nd3 17. Be3 f4 18. fxe4 Nc5 19. Qc2 Be5 20. dxc6 Qg7 21. gxf4 Nxf4
22. Bxf4 Rxf4 23. Rxf4 Bxf4 24. Nd5 Be5 25. e3 bxc6 26. Nxc6 Bg4 27. Rf1 Bxb2
28. e5 Bxe5 29. Nxe5 Bf5 30. e4 Nxe4 31. Bxe4 Bxe4 32. Qxe4 Qxe5 33. Nf6+ 1-0